000 00905nam0a22002411 4500
001 v19\rc\1839035
005 20250619142801.0
035 _a(NLR Aleph) 004932987
090 _a5699719
_c5699719
100 _a20071224d1908 |||y0rusy50 ca
101 0 _arus
102 _aRU
105 _ay z |||||
200 1 _aЧто делает Испытательная лаборатория по молочному хозяйству и какую выгоду может получить от нее сельский хозяин
_fС. Паращук
210 _aСанкт-Петербург
_cтип. газ. "Сел. вестн."
_d1908
215 _a7 с.
_d18
700 1 _aПаращук
_bС.В.
_f1873-1950
_gСемен Васильевич
801 0 _aRU
_bNLR
_gpsbo
801 0 _aRU
_bRuMoRGB
_2psbo
801 1 _aRU
_bProSoft-M
_2rusmarc
852 _aNLR
_bВЭО
_j36.а.15
942 _cBOOK
980 _aNB